सामाजिक सह-अस्तित्व का सिद्धांत / (Record no. 118551)

MARC details
000 -LEADER
fixed length control field 01369nam a22002897a 4500
003 - CONTROL NUMBER IDENTIFIER
control field dpl
005 - DATE AND TIME OF LATEST TRANSACTION
control field 20190111165719.0
008 - FIXED-LENGTH DATA ELEMENTS--GENERAL INFORMATION
fixed length control field 190111b ||||| |||| 00| 0 eng d
010 ## - LIBRARY OF CONGRESS CONTROL NUMBER
LC control number B-115010, B-115018
020 ## - INTERNATIONAL STANDARD BOOK NUMBER
Terms of availability 350.00
International Standard Book Number 8188693065
035 ## - SYSTEM CONTROL NUMBER
System control number B-115010, B-115018
037 ## - SOURCE OF ACQUISITION
Source of stock number/acquisition Cen Lib/Ret
040 ## - CATALOGING SOURCE
Original cataloging agency DPL
Language of cataloging HN
Transcribing agency 0
082 ## - DEWEY DECIMAL CLASSIFICATION NUMBER
Classification number 302
Item number प्रज्ञाच
100 ## - MAIN ENTRY--PERSONAL NAME
Personal name प्रज्ञाचक्षु, सुकन पासवान
9 (RLIN) 80818
245 ## - TITLE STATEMENT
Title सामाजिक सह-अस्तित्व का सिद्धांत /
Statement of responsibility, etc सुकन पासवान प्रज्ञाचक्षु
246 ## - VARYING FORM OF TITLE
Title proper/short title Samajik seh-astitv ka siddhant /
Remainder of title by Sukan Paswan Pragyachakchu
260 ## - PUBLICATION, DISTRIBUTION, ETC. (IMPRINT)
Place of publication, distribution, etc दिल्ली
Name of publisher, distributor, etc मित्तल एंड संस
Date of publication, distribution, etc 2003
270 ## - ADDRESS
City दिल्ली
Postal code 110092
Address 80, विजय ब्लाक, लक्ष्मी नगर
300 ## - PHYSICAL DESCRIPTION
Extent 336पृ.
Dimensions 20सेमी(सजिल्द)
500 ## - GENERAL NOTE
General note अनुक्रमाणिका शामिल
650 ## - SUBJECT ADDED ENTRY--TOPICAL TERM
Topical term or geographic name as entry element सह-अस्तित्व की अवधारणा
9 (RLIN) 80819
650 ## - SUBJECT ADDED ENTRY--TOPICAL TERM
Topical term or geographic name as entry element अस्तित्व -- सिद्धान्त
9 (RLIN) 3419
650 ## - SUBJECT ADDED ENTRY--TOPICAL TERM
Topical term or geographic name as entry element The concept of coexistence
9 (RLIN) 80820
650 ## - SUBJECT ADDED ENTRY--TOPICAL TERM
Topical term or geographic name as entry element Survival - Theories
9 (RLIN) 80821
942 ## - ADDED ENTRY ELEMENTS (KOHA)
Source of classification or shelving scheme Dewey Decimal Classification
Koha item type Hindi Books
Classification part 302
Call number suffix प्रज्ञाच
Holdings
Withdrawn status Lost status Damaged status Not for loan Home library Current library Date acquired Source of acquisition Cost, normal purchase price Total Checkouts Full call number Barcode Date last seen Copy number Cost, replacement price Price effective from Koha item type Source of classification or shelving scheme Collection code
        Central Library Central Library 11/09/2015 Cen Lib/Ret 350.00   302 प्रज्ञाच B-115010 11/09/2015 1 350.00 11/09/2015 Hindi Books    
        Shahdara Branch Shahdara Branch 11/01/2019 BPPD/PUB 350.00   302 प्रज्ञाच B-115018 11/01/2019   350.00 11/01/2019 Hindi Books Dewey Decimal Classification Non-fiction

© Delhi Public Library
Hit Counter
free hit counter